Meilleurs buteurs par club Serie A 2022/2023 - Statistiques

Statistiques générales
  • Ce quiz a été pris 64 fois
  • Le résultat moyen est 7 sur 20
Statistiques - réponses
Club Nom Nombre de but % Correct
AC Milan Rafael Leao 15
98%
Inter Milan Lautaro Martinez 21
87%
Lazio Ciro Immobile 12
85%
Naples Victor Osimhen 26
85%
Juventus Dusan Vlahovic 10
82%
AS Rome Paulo Dybala 12
75%
Salernitana Boulaye Dia 16
33%
Sassuolo Domenico Berardi 12
33%
Atalanta Ademola Lookman 13
20%
Fiorentina Arthur Cabral 8
20%
Udinese Beto 10
15%
Spezia M'Bala Nzola 13
15%
Bologne Riccardo Orsolini 11
11%
Torino Antonio Sanabria 12
10%
Empoli Francesco Caputo 6
10%
Lecce Gabriel Strefezza 8
7%
Sampdoria Manolo Gabbiadini 7
7%
Cremonese Daniel Ciofani 8
3%
Hellas Vérone Simone Verdi 5
3%
Monza Carlos Augusto 6
2%
Aucun quiz correspondant
Distribution des résultats
% des personnes avec chaque résultat
Percentile par nombre de réponses
Votre historique - résultats
Vous n’avez pas pris ce quiz